Interpoláció racionális törtfüggvénnyel
Elmentve itt :
| Szerző: | |
|---|---|
| További közreműködők: | |
| Dokumentumtípus: | Szakdolgozat |
| Megjelent: |
1983
|
| Tárgyszavak: | |
| Online Access: | http://diploma.bibl.u-szeged.hu/124 |
| LEADER | 00531nta a2200157 i 4500 | ||
|---|---|---|---|
| 001 | dipl124 | ||
| 005 | 20130314065542.0 | ||
| 008 | 101027s1983 hu om 0|| hun d | ||
| 040 | |a SZTE Diploma Repozitórium |b hun | ||
| 041 | |a hun | ||
| 100 | 1 | |a Simon Ildikó | |
| 245 | 1 | 0 | |a Interpoláció racionális törtfüggvénnyel |h [elektronikus dokumentum] / |c Ildikó Simon |
| 260 | |c 1983 | ||
| 650 | 4 | |a Informatika | |
| 700 | 1 | |a Virágh János |e ths | |
| 856 | 4 | 0 | |u http://diploma.bibl.u-szeged.hu/id/eprint/124/1/1983_simon_ildiko_83_64.pdf |z Dokumentum-elérés |